[Event "EU-ch U16 Girls 28th"]
[Site "Riga"]
[Date "2018.08.24"]
[Round "5"]
[White "Jarocka, Liwia"]
[Black "Tsvetkova, Vladislava"]
[Result "1-0"]
[WhiteElo "2013"]
[BlackElo "1737"]
[PlyCount "53"]
[EventDate "2018.08.20"]
[EventType "swiss"]
[EventRounds "9"]
[EventCountry "LAT"]
[SourceTitle "CBM 186 Extra"]
[Source "ChessBase"]
[SourceDate "2018.08.24"]
[SourceVersion "1"]
[SourceVersionDate "2018.08.24"]
[SourceQuality "1"]

1. e4 c6 2. d4 d5 3. Nd2 dxe4 4. Nxe4 Bf5 5. Ng3 Bg6 6. h4 h6 7. h5 Bh7 8. Bd3 Bxd3 9. Qxd3 e6 10. Bd2 Nf6 11. Nf3 Qc7 12. 0-0-0 Nbd7 13. Ne4 Nxe4 14. Qxe4 Nf6 15. Qe2 0-0-0 16. g3 Rd5 17. c4 Rxh5 18. Bf4 Qa5 19. Ne5 Rxh1 20. Rxh1 Bd6 21. Nxf7 Bxf4+ 22. gxf4 Qxa2 23. Qxe6+ Kc7 24. Qd6+ Kb6 25. Qb4+ Ka6 26. Rh3 Qa1+ 27. Kc2 1-0

[Event "EU-ch U16 Girls 28th"]
[Site "Riga"]
[Date "2018.08.20"]
[Round "1"]
[White "Bulatova, Kamaliya"]
[Black "Tsvetkova, Vladislava"]
[Result "1-0"]
[WhiteElo "2043"]
[BlackElo "1737"]
[PlyCount "57"]
[EventDate "2018.08.20"]
[EventType "swiss"]
[EventRounds "9"]
[EventCountry "LAT"]
[SourceTitle "CBM 186 Extra"]
[Source "ChessBase"]
[SourceDate "2018.08.24"]
[SourceVersion "1"]
[SourceVersionDate "2018.08.24"]
[SourceQuality "1"]

1. d4 d5 2. c4 dxc4 3. Nf3 Nf6 4. e3 a6 5. Bxc4 b5 6. Be2 Bb7 7. 0-0 e6 8. Nbd2 Nbd7 9. a4 b4 10. a5 Be7 11. Nc4 0-0 12. Bd2 Bd5 13. Qe1 Qb8 14. Nfe5 c5 15. Nxd7 Nxd7 16. dxc5 Bxc5 17. Bd3 Nf6 18. e4 Ng4 19. g3 Bxc4 20. Bxc4 Qe5 21. b3 Qh5 22. h4 Qg6 23. Kg2 Rfd8 24. Bg5 Rd4 25. f3 Ne5 26. Be3 Rxe4 27. fxe4 Qxe4+ 28. Kh3 Bxe3 29. Rf4 1-0

[Event "Minsk Amateur op"]
[Site "Minsk"]
[Date "2018.06.29"]
[Round "7"]
[White "Tsvetkova, Vladislava"]
[Black "Huryn, Valiantsin"]
[Result "0-1"]
[WhiteElo "1702"]
[BlackElo "1953"]
[PlyCount "64"]
[EventDate "2018.06.25"]
[EventType "swiss"]
[EventRounds "9"]
[EventCountry "BLR"]
[SourceTitle "CBM 185 Extra"]
[Source "ChessBase"]
[SourceDate "2018.07.29"]
[SourceVersion "1"]
[SourceVersionDate "2018.07.29"]
[SourceQuality "1"]

1. e4 d5 2. exd5 Nf6 3. Nf3 Nxd5 4. d4 Bf5 5. c4 Nb4 6. Na3 e6 7. Bd2 c5 8. Bxb4 cxb4 9. Qa4+ Nc6 10. Nb5 a6 11. d5 axb5 12. Qxb5 exd5 13. cxd5 Ra5 14. Qxb7 Qxd5 15. Rd1 Qe6+ 16. Be2 Be7 17. 0-0 0-0 18. Rfe1 Ra7 19. Qb5 Rb8 20. Qc4 Qxc4 21. Bxc4 Bf6 22. Rd6 Na5 23. Ba6 Be6 24. Rc1 Be7 25. Rxe6 fxe6 26. Bc8 Rb6 27. Ne5 g6 28. g3 Kg7 29. Rc2 Bf6 30. Rc5 Bxe5 31. Rxe5 Kf6 32. Re3 Rc7 0-1

[Event "Minsk Kupreichik Memorial op"]
[Site "Minsk"]
[Date "2018.06.23"]
[Round "9"]
[White "Tsvetkova, Vladislava"]
[Black "Shvedau, Mikhail"]
[Result "0-1"]
[WhiteElo "1702"]
[BlackElo "1653"]
[PlyCount "90"]
[EventDate "2018.06.21"]
[EventType "swiss (rapid)"]
[EventRounds "11"]
[EventCountry "BLR"]
[SourceTitle "CBM 185 Extra"]
[Source "ChessBase"]
[SourceDate "2018.07.29"]
[SourceVersion "1"]
[SourceVersionDate "2018.07.29"]
[SourceQuality "1"]

1. e4 e6 2. d4 d5 3. e5 c5 4. Qg4 cxd4 5. Nf3 Nc6 6. Bd3 Nge7 7. 0-0 Ng6 8. Re1 Be7 9. g3 Bd7 10. h4 h5 11. Qh3 Qc7 12. Bxg6 fxg6 13. Na3 0-0-0 14. Nb5 Qb6 15. a4 Rhf8 16. Ng5 Rf5 17. f4 a6 18. Nd6+ Bxd6 19. exd6 Re8 20. Qg2 Na5 21. b4 Nc4 22. Kh2 Qxd6 23. Ba3 Qc7 24. Nf3 Ne3 25. Qd2 Ng4+ 26. Kg2 e5 27. fxe5 Ne3+ 28. Rxe3 dxe3 29. Qxe3 Ref8 30. e6 Rxf3 31. exd7+ Kxd7 32. Qg5 Qxc2+ 33. Kh3 Qf5+ 34. Qxf5+ gxf5 35. Bb2 g6 36. Be5 Rc8 37. Rd1 Ke6 38. Re1 Rc4 39. Bd4+ Kd7 40. Bc5 Re4 41. Rd1 Ke6 42. Rc1 d4 43. Bf8 Rc3 44. Rd1 d3 45. Bg7 Rb3 0-1

[Event "Moscow op-B (Women) 13th"]
[Site "Moscow"]
[Date "2017.01.31"]
[Round "4"]
[White "Tsvetkova, Vladislava"]
[Black "Afanasieva, Alexandra"]
[Result "0-1"]
[WhiteElo "1668"]
[BlackElo "1914"]
[PlyCount "100"]
[EventDate "2017.01.28"]
[EventType "swiss"]
[EventRounds "9"]
[EventCountry "RUS"]
[SourceTitle "EXT 2018"]
[Source "ChessBase"]
[SourceDate "2017.10.13"]
[SourceVersion "1"]
[SourceVersionDate "2017.10.13"]
[SourceQuality "1"]

1. e4 c6 2. Nc3 d5 3. Nf3 Bg4 4. h3 Bxf3 5. Qxf3 e6 6. d4 Nf6 7. Bd3 dxe4 8. Nxe4 Qxd4 9. Be3 Qd8 10. 0-0-0 Nbd7 11. Ng5 Be7 12. Nxf7 Kxf7 13. Bc4 Qc8 14. Bd4 Re8 15. g4 b5 16. Bd3 Kg8 17. g5 Nd5 18. Qh5 Nf8 19. Bxg7 Nf4 20. Qh6 Nxd3+ 21. Rxd3 Ng6 22. h4 Bf8 23. Bxf8 Rxf8 24. h5 Nf4 25. Re3 Qd7 26. g6 Qg7 27. Qg5 Rf5 28. Qg1 Rxh5 29. Rxh5 Nxh5 30. gxh7+ Kxh7 31. Qh1 Qg5 32. Qe4+ Qf5 33. Qxc6 Rg8 34. Qe4 Qxe4 35. Rxe4 Ng7 36. Kd2 Rf8 37. Re2 Kg6 38. Kc3 Rf4 39. b3 Kf5 40. Kd2 e5 41. Ke1 Re4 42. Re3 Rxe3+ 43. fxe3 Ke4 44. Ke2 Nf5 45. c4 bxc4 46. bxc4 Nxe3 47. c5 Nd5 48. c6 Kd4 49. Kf3 e4+ 50. Ke2 e3 0-1

[Event "Nizhnij Novgorod Dubinin Memorial 22nd"]
[Site "Nizhnij Novgorod"]
[Date "2015.??.??"]
[Round "3"]
[White "Maslennikov, Pavel"]
[Black "Tsvetkova, Vladislava"]
[Result "1-0"]
[WhiteElo "1885"]
[BlackElo "1586"]
[PlyCount "57"]
[EventDate "2015.01.03"]
[EventType "swiss"]
[EventRounds "9"]
[EventCountry "RUS"]
[SourceTitle "CBM 164 Extra"]
[Source "ChessBase"]
[SourceDate "2015.03.02"]
[SourceVersion "1"]
[SourceVersionDate "2015.03.02"]
[SourceQuality "1"]

1. c4 Nf6 2. b3 g6 3. Bb2 Bg7 4. Nf3 0-0 5. g3 c6 6. Bg2 d5 7. 0-0 Bf5 8. d3 Nbd7 9. Nd4 e6 10. Nxf5 gxf5 11. Nd2 Rc8 12. e3 Qe7 13. d4 Rfd8 14. Qe2 Nb6 15. a4 dxc4 16. bxc4 Qb4 17. Ba3 Qa5 18. Rfb1 Nxa4 19. Rxb7 Rd7 20. Rb3 Qd8 21. c5 Nd5 22. Qc4 Qa5 23. Bc1 Ndc3 24. Bf1 Rdd8 25. Rb4 Rb8 26. Rbxa4 Nxa4 27. Rxa4 Qc7 28. Bg2 Rb5 29. Ra6 1-0

[Event "Nizhny Novgorod Region-ch (Women)"]
[Site "Nizhnij Novgorod"]
[Date "2014.12.03"]
[Round "5"]
[White "Tsvetkova, Vladislava"]
[Black "Vlasova, Elena"]
[Result "0-1"]
[WhiteElo "1628"]
[BlackElo "1365"]
[PlyCount "68"]
[EventDate "2014.11.29"]
[EventType "swiss"]
[EventRounds "7"]
[EventCountry "RUS"]
[SourceTitle "EXT 2023"]
[Source "ChessBase"]
[SourceDate "2022.10.05"]
[SourceVersion "1"]
[SourceVersionDate "2022.10.05"]
[SourceQuality "1"]

1. e4 e5 2. Nf3 Nf6 3. Nxe5 d6 4. Nf3 Nxe4 5. Nc3 Nxc3 6. dxc3 Be7 7. Bd3 0-0 8. 0-0 Be6 9. Be3 Nd7 10. Qd2 Ne5 11. Nxe5 dxe5 12. Rad1 f5 13. Qe2 Qe8 14. f3 Rc8 15. Rfe1 c5 16. Bc4 Qf7 17. Bb5 Rc7 18. Qf2 a6 19. Be2 f4 20. Bc1 Qh5 21. g4 fxg3 22. hxg3 c4 23. f4 Bg4 24. Bxg4 Qxg4 25. Rxe5 Qxd1+ 26. Re1 Qg4 27. Qg2 Bc5+ 28. Kf1 Rcf7 29. Be3 Bxe3 30. Rxe3 Qd1+ 31. Re1 Rxf4+ 32. gxf4 Rxf4+ 33. Kg1 Qxe1+ 34. Kh2 Rh4+ 0-1